header

Hack proofing your e-commerce site (Record no. 396)

MARC details
000 -LEADER
fixed length control field 01275nam a2200325 a 4500
082 04 - DEWEY DECIMAL CLASSIFICATION NUMBER
Classification number 005.8
245 00 - TITLE STATEMENT
Title Hack proofing your e-commerce site
260 ## - PUBLICATION, DISTRIBUTION, ETC. (IMPRINT)
Place of publication Rockland, Mass. ;
-- [Great Britain] :
Name of publisher Syngress,
Year of publication c2001.
300 ## - PHYSICAL DESCRIPTION
Number of Pages xxvi, 650 p. :
Other physical details ill.
500 ## - GENERAL NOTE
General note Includes index.
650 #0 - SUBJECT ADDED ENTRY--TOPICAL TERM
Topical Term Electronic commerce
Topical Term Computer security.
Topical Term Internet
700 1# - ADDED ENTRY--PERSONAL NAME
Personal name Russell, Ryan,
856 40 - ELECTRONIC LOCATION AND ACCESS
Uniform Resource Identifier http://site.ebrary.com/lib/rucke/Doc?id=10007042

No items available.

© 2026 Rongo University
Contact us: librarian | system librarian | Rongo university